[Event "OMA-chT"]
[Site "Muscat"]
[Date "2019.07.12"]
[Round "5.4"]
[White "Hardan, Hamid Musallem"]
[Black "Al Moharbi, Mustafa"]
[Result "1-0"]
[WhiteElo "1803"]
[BlackElo "1505"]
[PlyCount "80"]
[EventDate "2019.07.09"]
[EventType "team-swiss"]
[EventRounds "9"]
[EventCountry "OMN"]
[SourceTitle "EXT 2020"]
[Source "ChessBase"]
[SourceDate "2019.10.17"]
[SourceVersion "1"]
[SourceVersionDate "2019.10.17"]
[SourceQuality "1"]
[WhiteTeam "Salalah Blue"]
[BlackTeam "Samail"]
[WhiteTeamCountry "OMN"]
[BlackTeamCountry "OMN"]

1. e4 e5 2. Nf3 Nc6 3. Nc3 Nf6 4. Bb5 d6 5. 0-0 Be7 6. d4 exd4 7. Nxd4 Bd7 8. Nxc6 Bxc6 9. Bxc6+ bxc6 10. Be3 0-0 11. Qe2 Qb8 12. Rab1 Nd7 13. f4 Bf6 14. Qg4 Qc8 15. Ne2 Nb6 16. Qg3 Nc4 17. b3 Na3 18. e5 dxe5 19. fxe5 Bxe5 20. Qxe5 Nxb1 21. Rxb1 Re8 22. Qg3 Qe6 23. Bd4 Qg6 24. Qxg6 hxg6 25. Kf2 a6 26. b4 Rab8 27. a3 Re4 28. c3 Rbe8 29. Ng3 R4e6 30. h3 f5 31. Rb2 f4 32. Ne2 Re4 33. a4 Kf7 34. Nc1 g5 35. Nd3 R4e7 36. a5 Kg6 37. Nc5 Ra8 38. Kf3 Kf5 39. Rd2 g6 40. Rf2 Rae8 1-0